O problema não sou eu, és tu (Registo nº 33647)

Detalhes MARC
000 -Etiqueta do registo
Valores 00735nam a2200229 4500
010 ## - Número ISBN
ISBN 9789898975706
021 ## - Número do Depósito Legal
-- PT
Número 474445/20
090 ## -
-- 33647
100 ## - Dados gerais de processamento
Dados gerais 20201209d2020 m y0pory50030103ba
101 0# - Língua de publicação
-- por
102 ## - País de publicação
-- PT
200 1# - Titulo e menção de responsabilidade
Título próprio O problema não sou eu, és tu
Informação de outro título reconheça e elimine comportamentos tóxicos nas suas relações
Primeira menção de responsabilidade Cláudia Morais
205 ## - Menção da edição
Edição 1ª. ed.
210 ## - Publicação
Local de publicação Barcarena
Nome do editor Manuscrito
Data de publicação 2020
215 ## - Descrição física 
Paginação / Volumes 302 p.
Dimensões 23 cm
675 ## - CDU
Notação 159.942(035)
Edição BN
Língua por
675 ## - CDU
Notação 316.47-058.8(035)
Edição BN
Língua por
700 ## - Autor principal (pessoa individual)
Apelido Morais
Nome Claudia
Datas 1976-
ID Autoridade 4977
801 #0 - Fonte de origem
País PT
Agência BN
Regras de catalogação RPC
856 41 - Localização e acesso electrónico 
URL <a href="http://rnod.bnportugal.gov.pt/ImagesBN/winlibimg.aspx?skey=&doc=2060984&img=145910&save=true">http://rnod.bnportugal.gov.pt/ImagesBN/winlibimg.aspx?skey=&doc=2060984&img=145910&save=true</a>
990 ## - Elementos KOHA
Tipo de documento Livro
Exemplares
Situação do levantamento Estado Biblioteca de origem Biblioteca de empréstimo Código de barras Cota Permissão de empréstimo Tipo de documento
  Completo Biblioteca Municipal de Viana Do Alentejo Biblioteca Municipal de Viana Do Alentejo 0033328 159.9 MOR Disponível Livro




Powered by Koha